| 000 | 00587nam a22001817a 4500 | ||
|---|---|---|---|
| 003 | CEME | ||
| 005 | 20210628203332.0 | ||
| 008 | 210127b xxu||||| |||| 00| 0 eng d | ||
| 020 | _a0-19-516689-2 | ||
| 040 | _c. | ||
| 082 | _a956.953044 RUB | ||
| 100 |
_aRubin, Judith Colp:Rubin, Barry _964801 |
||
| 245 | _aYasir arafat;a political biography | ||
| 260 |
_aLONDON _bCONTEMPORARY BOOKS _c2003 |
||
| 300 | _a354P | ||
| 650 |
_aARFAT, YASIR 1929, PALESTINIAN ARABS -BIOGRAPHY, PALESTINIAN ARABS- POLITICS AND GOVERNMENT 20TH CENTURY, ARAB ISRAELI CONFLICT _964802 |
||
| 942 |
_cBK _2ddc |
||
| 999 |
_c573190 _d573190 |
||